Top 35 Countries in Men's 200 Meters - Statistics

General Stats
  • This quiz has been taken 54 times
  • The average score is 28 of 35
Answer Stats
NR Continent Answer % Correct
19.19 North America Jamaica
100%
19.31 North America United States
100%
19.89 South America Brazil
98%
19.62 North America Canada
96%
19.73 Europe United Kingdom
96%
19.80 Europe France
94%
19.72 Europe Italy
94%
19.69 Africa South Africa
92%
19.88 Asia China
91%
19.63 North America Cuba
89%
20.02 Europe Germany
89%
19.77 North America Trinidad and Tobago
89%
19.73 Africa Nigeria
87%
20.00 South America Columbia
85%
19.87 South America Ecuador
83%
19.79 Africa Ghana
83%
19.81 Europe Netherlands
83%
19.81 North America Panama
81%
19.98 Europe Poland
81%
19.75 North America Bahamas
79%
19.76 Asia Turkey
79%
19.91 North America Dominican Republic
77%
19.50 Africa Botswana
75%
19.85 Europe Greece
75%
19.89 Europe Norway
74%
19.97 North America Barbados
72%
19.68 Africa Namibia
72%
19.97 South America Suriname
72%
19.88 North America Antigua and Barbuda
68%
19.98 Europe Switzerland
68%
19.96 Asia Israel
62%
19.97 Asia Qatar
60%
19.94 Africa Uganda
60%
19.83 Africa Liberia
49%
19.89 Africa Mauritius
30%
No matching quizzes found
Score Distribution
Percent of People with Each Score
Percentile by Number Answered
Your Score History
You have not taken this quiz